| 000 | 00286 a2200073 4500 | ||
|---|---|---|---|
| 245 | 0 |
_aWymagania techniczno-eksploatacyjne na zelektronizowaną telegraficzną translację aparatową / _cDworzański L.. |
|
| 710 | 2 |
_aInstytut Łączności. _eWydawca _4pbl |
|
| 260 |
_aWarszawa : _bIŁ, _c1972. |
||
| 300 |
_a13 s.; _c30 cm. |
||
| 999 |
_c17349 _d17349 |
||